000 00294nam a22001217a 4500
999 _c263361
_d263360
020 _a9780545299497
100 _aMary Pope Osborne
245 _aMoonlight on the Magic Flute.
260 _aNew York
_bScholastic Inc
_c2009
300 _a106pgs
_bill
490 _aMagic Tree House
942 _cBK